000 00401nam a2200121 4500
999 _c9729
_d9729
008 180716b ||||| |||| 00| 0 eng d
100 _928906
_aSaberon-Abalayan, Marianne L.
245 _aJudo silver:
_bRyan 2nd at Midland area age banded championships/
_cMarianne L. Saberon-Abalayan
260 _aDavao City
_bSun Star Davao
_cc2016
300 _apage 15.
650 0 _928907
_aSports.
942 _2ddc
_cPER